000 00874nam a2200265 i 4500
001 bg
100 1 _aANISEROWICZ, Karol
245 1 0 _aProjektowanie układów elektronicznych wspomagane komputerem /
_cKarol Aniserowicz.
260 _aBiałystok :
_bWydawnictwa PB,
_c1994.
300 _a144 s. :
_brys., wykr. ;
_c23 cm.
490 1 _aSkrypty / Politechnika Białostocka
504 _aBibliogr. s. 143-144.
650 9 _aKomputery
_xstosowanie
_xtechnika
650 9 _aModele matematyczne
_xstosowanie
_xelektronika
650 9 _aUkłady elektroniczne
_xprojekty
_xautomatyzacja
655 _aPodręczniki akademickie
830 0 _aSkrypty (Politechnika Białostocka)
020 _a8386272104
040 _cBPK
041 0 _apl
080 _a621.38:519.6:681.322](075.8)
920 _a83-86272-10-4
942 _cKS
008 s pl f |000 0 pol
999 _c24388
_d24388
856 _uhttp://koha.tu.koszalin.pl/cgi-bin/koha/opac-detail.pl?biblionumber=24388
_yKatalog online BPK